| 000 | 00633nam a2200229Ia 4500 | ||
|---|---|---|---|
| 003 | 0100 | ||
| 008 | 130303s9999 xx 000 0 und d | ||
| 040 | _cARRUPELIB | ||
| 050 | _aHB171.R68 2001 | ||
| 100 | _aRothbard, Murray N. | ||
| 245 | _aMan, economy and state | ||
| 245 | _ba treatise on economic principles | ||
| 260 | _aAlabama | ||
| 260 | _bMises Institute | ||
| 260 | _C2001 | ||
| 300 | _a987p. | ||
| 300 | _b 23 cm | ||
| 650 | _bFrancis of Assisi, Saint, 1182-1226 | ||
| 650 | _cChristian saints--Italy--Assisi--Biography--Early works to 1800 | ||
| 650 | _dFranciscans--History--Sources | ||
| 942 |
_2lcc _01 |
||
| 999 |
_c62339 _d62339 |
||